| Поле | Название | Значение |
| |
Тип записи |
a |
| |
Библиографический уровень |
c |
| 001 |
Контрольный номер |
RU/IS/BASE/295635001 |
| 005 |
Дата корректировки |
20240227165228.9 |
| 010 |
Индекс ISBN |
__ |
| a |
ISBN |
978-5-89846-687-9 |
| d |
Цена |
100-00 |
| 101 |
Язык документа |
0_ |
| a |
Язык текста |
rus |
| a |
Язык текста |
ost |
| 200 |
Заглавие и сведения об ответственности |
1_ |
| a |
Заглавие |
Хантыйские загадки |
| e |
Сведения, относящиеся к заглавию |
на казымском и сургутском диалектах |
| f |
Первые сведения об ответственности |
Евдокия Немысова, Людмила Каюкова |
| b |
Общее обозначение материала |
Текст |
| 210 |
Выходные данные |
1_ |
| a |
Место издания |
Ханты-Мансийск |
| c |
Издательство |
Полиграфист |
| d |
Дата издания |
2007 |
| 215 |
Физическое описание |
__ |
| a |
Объем |
85, [2] с. |
| 300 |
Общие примечания |
__ |
| a |
Общие примечания |
Полнотекстовая версия доступна для зарегистрированных читателей в базе данных "Оцифрованные краеведческие издания" |
| 330 |
Аннотация |
__ |
| a |
Аннотация |
Раскрываются художественные особенности хантыйского фольклора и бытования загадок в традиционной культуре. |
| 456 |
Перепечатано в ... |
__ |
| 1 |
|
0018fda607b9c56433694b115a3250d09b0 |
| 1 |
|
2001 |
| a |
|
Хантыйские загадки |
| e |
|
на казымском и сургутском диалектах : [цифровая копия] |
| f |
|
Евдокия Немысова, Людмила Каюкова |
| 1 |
|
2101 |
| a |
|
Сургут |
| c |
|
МБУК ЦБС |
| d |
|
2024 |
| 1 |
|
215 |
| a |
|
1 файл (12,1 Мб) |
| c |
|
pdf |
| 1 |
|
300 |
| a |
|
Цифровая копия в формате pdf |
| 1 |
|
300 |
| a |
|
Заглавие с титульного экрана |
| 1 |
|
300 |
| a |
|
Оригинал цифровой копии: Немысова, Е. А. Хантыйские загадки : на казым. и сургут. диалектах / Евдокия Немысова, Людмила Каюкова. - Ханты-Мансийск : Полиграфист, 2007. - 85, [2] с. - ISBN 978-5-89846-687-9. - Текст : непосредственный. |
| 1 |
|
700 1 |
| a |
|
Немысова |
| b |
|
Е. А. |
| g |
|
Евдокия Андреевна |
| 4 |
|
070 |
| f |
|
1936- |
| 1 |
|
701 1 |
| a |
|
Каюкова |
| b |
|
Л. Н. |
| g |
|
Людмила Николаевна |
| 4 |
|
070 |
| 606 |
Тематические рубрики |
__ |
| a |
Основная рубрика |
Фольклор |
| 606 |
Тематические рубрики |
__ |
| a |
Основная рубрика |
Фольклор России |
| 610 |
Ключевые слова |
0_ |
| a |
Ключевые слова |
хантыйский фольклор; хантыйский язык; казымский диалект; сургутский диалект; загадки; устное народное творчество; тема природы; тема человека; тема животных; тема быта |
| 686 |
Индексы других классификаций |
__ |
| a |
Классификационный индекс |
К82.3(2Рос=Хат)-6; стК84.2(2Рос=Хат) |
| 700 |
Автор |
_1 |
| a |
Фамилия |
Немысова |
| b |
Имя |
Е. А. |
| g |
Полное личное имя |
Евдокия Андреевна |
| 4 |
Код отношения |
070 |
| 702 |
Вторичная интеллектуальная ответственность |
_1 |
| a |
Фамилия |
Каюкова |
| b |
Имя |
Л. Н. |
| 4 |
Код отношения |
Автор |
| g |
Полное личное имя |
Людмила Николаевна |
| 801 |
Источник записи |
_0 |
| a |
Страна |
RU |
| b |
Организация |
Муниципальное бюджетное учреждение культуры "Централизованная библиотечная система" г. Сургут (Центральная городская библиотека им. А. С. Пушкина) |
| g |
Правила каталогизации |
КиК/Поспелова |
| 801 |
Источник записи |
_1 |
| a |
Страна |
RU |
| b |
Организация |
Муниципальное бюджетное учреждение культуры "Централизованная библиотечная система" г. Сургут (Центральная городская библиотека им. А. С. Пушкина) |
| g |
Правила каталогизации |
КиК/Поспелова |
| 852 |
Данные о местонахождении |
__ |
| j |
Шифр хранения |
К82.3(2Рос=Хат)-6 |
| c |
Каталожный индекс |
К82.3(2Рос=Хат)-6 |
| i |
Авторский знак |
Н 50 |
| 901 |
Тип документа |
__ |
| t |
Тип документа |
x |
| 903 |
Характеристики (МАРС) |
__ |
| a |
Дата передачи |
20090529 |
| 969 |
Тип издания |
__ |
| a |
Тип издания |
сборник |
| 990 |
Данные о заказе (DOS) |
__ |
| j |
Количество экземпляров (DOS) |
5 |
| h |
N записи в КСУ для Б/У (DOS) |
200906 |